logo

Bir Sreshtho Munshi Abdur Rouf Library
Jhenaidah Cadet College

Fundamentals of ear, nose & throat diseases / (Record no. 9094)

MARC details
000 -LEADER
fixed length control field 00721nam a2200277 a 4500
001 - CONTROL NUMBER
JCCL Control Number 9094
003 - CONTROL NUMBER IDENTIFIER
JCCL marc code BD-JhCC
005 - DATE AND TIME OF LATEST TRANSACTION
control field 20180308183106.0
008 - FIXED-LENGTH DATA ELEMENTS--GENERAL INFORMATION
fixed length control field 180308r19821985II a|||| |||| 001 0 eng d
035 ## - SYSTEM CONTROL NUMBER
system control number (BD-JhCC)9094
040 ## - CATALOGING SOURCE
Original cataloging agency BD-JhCC
Modifying agency BD-JhCC
041 ## - LANGUAGE CODE
Language code of Book eng
082 ## - DEWEY DECIMAL CLASSIFICATION NUMBER
Classification number 617.8
Author mark and Year DES 1985
100 ## - MAIN ENTRY--PERSONAL NAME
Personal name De, Shyamal Kumar
245 ## - TITLE STATEMENT
Title Fundamentals of ear, nose & throat diseases /
Statement of responsibility, etc Dr. Shyamal Kumar De
250 ## - EDITION STATEMENT
Edition statement 2nd edu.
260 ## - PUBLICATION, DISTRIBUTION, ETC. (IMPRINT)
Place of publication, distribution, etc India
Name of publisher, distributor, etc THE NEW BOOK STALL
Date of publication, distribution, etc 1985
300 ## - PHYSICAL DESCRIPTION
Pagination 497 P.:
Other physical details ill.;
Dimensions 22 cm.
504 ## - BIBLIOGRAPHY, ETC. NOTE
Bibliography, etc Include index
650 ## - SUBJECT ADDED ENTRY--TOPICAL TERM
Topical term or geographic name as entry element Nose
650 ## - SUBJECT ADDED ENTRY--TOPICAL TERM
Topical term or geographic name as entry element Throat
650 ## - SUBJECT ADDED ENTRY--TOPICAL TERM
Topical term or geographic name as entry element Ear
General subdivision Diseases
700 ## - ADDED ENTRY--PERSONAL NAME
Personal name Kumar De, Dr. Shyamal
942 ## - ADDED ENTRY ELEMENTS (KOHA)
Source of classification or shelving scheme Dewey Decimal Classification
Koha item type Books
Holdings
Source of classification or shelving scheme Damaged status Not for loan Home library Current library Shelving location Date of accession Cost, normal purchase price Total Checkouts Full call number Barcode Date last seen Copy number Koha item type
Dewey Decimal Classification     JCC Rouf Library JCC Rouf Library General Stacks 03/08/2018 40.00   617.8 DES 1985 11178 03/08/2018 C-1 Books

JCC Library | Contacts | JCC Home

Last Update on 23 September 2017
Copyright @ 2017-2020 JCC Rouf Library
Rouf Library, Jhenidah Cadet College (JCC), Bangladesh